AH International Schools' Libraries

Dragon slayers' : (Record no. 47679)

MARC details
000 -LEADER
fixed length control field 00317nam a2200109 4500
020 ## - INTERNATIONAL STANDARD BOOK NUMBER
International Standard Book Number 9781524790653
100 ## - MAIN ENTRY--PERSONAL NAME
Personal name McMullan, Kate,
Relator term author.
9 (RLIN) 28257
245 ## - TITLE STATEMENT
Title Dragon slayers' :
Remainder of title the early adventures/
260 ## - PUBLICATION, DISTRIBUTION, ETC. (IMPRINT)
Place of publication, distribution, etc New York;
Name of publisher, distributor, etc Grosset Dunlap:
Date of publication, distribution, etc 2018.
300 ## - PHYSICAL DESCRIPTION
Extent 400 pages.
Dimensions 5.5 x 1 x 7.88 inches
942 ## - ADDED ENTRY ELEMENTS (KOHA)
Source of classification or shelving scheme
Koha item type Book
Holdings
Withdrawn status Lost status Source of classification or shelving scheme Damaged status Not for loan Home library Current library Date acquired Total Checkouts Full call number Barcode Date last seen Price effective from Koha item type
          Logos International School Logos International School 10/28/2024   J FIC MCM 040129 10/29/2024 10/28/2024 Book

For any Logos Library related questions please contact Miss Art at swongnarasuk@asianhope.org.

For any Asian Hope Library related questions please contact Miss Raza at graza@asianhope.org.

Powered by Koha